Food in Sub-Saharan Africa (Record no. 3138)

MARC details
000 -LEADER
fixed length control field 00320nam a22001337a 4500
008 - FIXED-LENGTH DATA ELEMENTS--GENERAL INFORMATION
fixed length control field 250424b |||||||| |||| 00| 0 eng d
020 ## - INTERNATIONAL STANDARD BOOK NUMBER
ISBN 093147759X
100 ## - MAIN ENTRY--AUTHOR
Author HANSEN, Art
245 ## - TITLE STATEMENT
Title Food in Sub-Saharan Africa
260 ## - PUBLICATION, DISTRIBUTION, ETC. (IMPRINT)
Place of publication U.S.A
Name of publisher Lynme Rienner
Date of publication 1986
300 ## - COLLATION
Pagination x, 410p.
942 ## - ADDED ENTRY ELEMENTS (KOHA)
Item type Books
050 ## - LIBRARY OF CONGRESS CALL NUMBER
Classification number HD9017
Item number .F66
Holdings
Source of classification or shelving scheme Not for loan Permanent location Current location Date acquired Accession No. Full call number Barcode. Koha item type
Library of Congress Classification   Samuel Ogbemudia Main Library, University of Abuja Samuel Ogbemudia Main Library, University of Abuja 04/24/2025 2017-481174 HD9017.F66 2025-1558 Books